Guess the Taylor Swift song with no hint 76 - Statistics

General Stats
  • This quiz has been taken 1,308 times
  • The average score is 200 of 261
Answer Stats
Answer % Correct
I
100%
a
99%
the
98%
The
98%
You
98%
you
98%
and
95%
And
95%
it
95%
me
94%
your
94%
in
93%
on
93%
be
92%
to
92%
where
92%
he
90%
I'm
89%
my
89%
So
89%
so
89%
of
87%
can
86%
for
86%
She
86%
she
86%
don't
85%
dont
85%
Don't
85%
know
85%
but
84%
men
84%
They
84%
what
84%
all
83%
was
83%
I've
82%
been
81%
her
81%
how
81%
say
80%
did
79%
think
78%
had
77%
them
77%
get
76%
want
76%
as
75%
from?
75%
got
75%
tell
75%
some
74%
with
74%
she's
73%
his
72%
man
72%
mine
72%
Now
72%
dress
71%
even
71%
dressin'
70%
revenge
70%
shit
70%
things
70%
women
70%
bad
69%
Lately
69%
ends
68%
eye
68%
kill
68%
looks
68%
vigilante
68%
worst
68%
enough
67%
dressing
66%
friends
66%
Or
66%
sad
66%
cat
65%
last
65%
start
65%
Draw
64%
sharp
64%
try
64%
weekends
64%
will
64%
gave
63%
might
63%
pretty
63%
Drivin'
62%
told
62%
always
61%
Benz
61%
people
61%
Someone
61%
wife
61%
again
60%
FBI
60%
house
60%
lady
60%
doin'
59%
ex
59%
Ladies
59%
lines
59%
kids
58%
lie
57%
white
57%
envelope
56%
gets
56%
kind
56%
cold
55%
crossin'
55%
above
54%
crimes
54%
fun
54%
hard
54%
needed
54%
proof
54%
rise
54%
which
54%
innocents
53%
simply
53%
sweet
53%
Picture
52%
wonder
52%
collar
51%
villains
50%
Sometimes
49%
thick
49%
thieves
49%
pride
48%
While
44%
ones
27%
No matching quizzes found
Score Distribution
Percent of People with Each Score
Percentile by Number Answered
Your Score History
You have not taken this quiz